000 00494nam a22001697a 4500
005 20251108173548.0
008 250721s2006 xx 000 0 ara d
082 1 4 _aق/ أبط
100 1 _aالأبطح، يوسف
245 1 0 _aعقارب الوحل : رواية /
264 1 _aدمشق :
_bنينوى للنشر والتوزيع،
_c2006.
300 _a155ص.
650 1 7 _aالأدب العربي
650 1 7 _aالروايات العربية
942 _2ddc
_cBK
999 _c106875
_d106875